000 00299nam a22001337a 4500
008 170602b xxu||||| |||| 00| 0 eng d
020 _a9780199943760
041 _aeng
080 _a94(100)
100 _a18
101 _aSHH
245 _aPATTERNS OF WORLD HISTORY
_cSIVERS,P.V
942 _2udc
_cBK
999 _c15816
_d15816